UBT Library

THE THEORY OF EVOLUTION (Record no. 60194)

000 -LEADER
fixed length control field 00320nam a22001457a 4500
008 - FIXED-LENGTH DATA ELEMENTS--GENERAL INFORMATION
fixed length control field 230721b ||||| |||| 00| 0 eng d
020 ## - INTERNATIONAL STANDARD BOOK NUMBER
International Standard Book Number 9780521451284
041 ## - LANGUAGE CODE
Language code of text/sound track or separate title eng
080 ## - UNIVERSAL DECIMAL CLASSIFICATION NUMBER
Universal Decimal Classification number 615.83
082 ## - DEWEY DECIMAL CLASSIFICATION NUMBER
Classification number 615.83
100 ## - Rafti
Rafti 16
101 ## - Shkurtesa
Shkurtesa EGZF
245 ## - TITLE STATEMENT
Title THE THEORY OF EVOLUTION
Statement of responsibility, etc SMITH .M.J
942 ## - ADDED ENTRY ELEMENTS (KOHA)
Source of classification or shelving scheme
Item type Books

No items available.

UBT Library © 2015-2024. All rights reserved University Education for Business and Technology